Statistics for Top 10 Chelsea Premier League Appearances

Click here to take the quiz!

General Stats

  • This quiz has been taken 208 times
  • The average score is 6 of 10

Answer Stats

PlayerApps% Correct
Frank Lampard429
97%
John Terry492
92%
Didier Drogba254
91%
Petr Čech333
85%
Eden Hazard245
69%
César Azpilicueta349
63%
Branislav Ivanović261
43%
John Obi Mikel249
38%
Willian234
38%
Dennis Wise260
32%

Score Distribution

Percentile by Number Answered

Percent of People with Each Score

Your Score History

You have not taken this quiz